000 00718nam a2200205 i 4500
001 9372
003 ES-MaACL
005 20250802013012.0
008 930817s1988 sp |||| | spa d
020 _a84-404-1523-0
080 _a86(Gabriel y Galán,J.M.1 06)
100 1 _aSánchez de Horcajo, Juan José.
_9102579
245 1 3 _aLa poesía social en Gabriel y Galán /
_cJuan José Sánchez de Horcajo.
260 _aTorrejón de Ardoz, Madrid :
_bEl Reino,
_cD.L. 1988.
300 _a249 p. ;
_c19 cm.
504 _aBibliografía: p. 217-236.
600 1 4 _aGabriel y Galán, José María,
_d1870-1905-
_xCrítica e interpretación
_953159
852 _aES-MaACL
_jL-17938
999 _c9372
_d9372